Problems in mathematical analysis I : integration
Αποθηκεύτηκε σε:
| Κύριος συγγραφέας: | |
|---|---|
| Άλλοι συγγραφείς: | |
| Μορφή: | Βιβλίο |
| Γλώσσα: | English Polish |
| Δημοσίευση: |
Providence, R.I. :
American Mathematical Society,
2000.
|
| Σειρά: | Student mathematical library ;
21. |
| Θέματα: | |
| Ετικέτες: |
Προσθήκη ετικέτας
Δεν υπάρχουν, Καταχωρήστε ετικέτα πρώτοι!
|
MARC
| LEADER | 00000cam a2200000 i 4500 | ||
|---|---|---|---|
| 001 | 1/78394 | ||
| 008 | 050609s2000####us | | ||| |||| ||eng|| | ||
| 020 | |a 0821832980 | ||
| 035 | |l 10078490 | ||
| 040 | |a GR-MY-UA |b gre |e aacr | ||
| 041 | 1 | |a eng |h pol | |
| 082 | 0 | |a 515.076 |2 (22) | |
| 100 | 1 | |a Kaczor, W. J. |d 1949- | |
| 245 | 1 | 0 | |a Problems in mathematical analysis I : |b integration / |c W.J. Kaczor, M.T. Nowak. |
| 246 | 1 | |i Παράλληλος τίτλος: |a Zadania z analizy matematycznej | |
| 260 | |a Providence, R.I. : |b American Mathematical Society, |c 2000. | ||
| 300 | |a ix, 356 σ. ; |c 22 εκ. | ||
| 490 | 1 | |a Student mathematical library |v 21 |x 1520-9121 | |
| 504 | |a Περιλαμβάνει βιβλιογραφία. | ||
| 650 | 0 | 0 | |a Mathematical analysis. |
| 700 | 1 | |a Nowak, M. T. |q (Maria T.), |d 1951- | |
| 830 | 0 | |a Student mathematical library ; |v 21. | |
| 852 | |a INST |b CHIOS |e 20050609 |h 515.076 KAC |p 005200021653 |q 005200021653 |t BK |y 0 | ||
| 901 | |a BIBL2-2005-2 | ||
| 909 | |a Χ |b 118814 | ||
| 920 | |a Διεύρυνση |b ΕΠΕΑΕΚ-ΤΜΟΔ |y Χίος |z 2004-12 | ||
| 970 | |a Χαζίρη |b Άννα |z 2005/06/09 | ||